00393nam a2200157Ia 4500003000400000008004100004040001600045082001300061100001800074245004200092260003000134300001000164490002400174650001500198650002200213GCL140319s9999 xx 000 0 eng d aGCL / cGCL04a843bA B1 aARAGON, LOUIS10aLES BEAUX QUARTIERS / cARAGON, LOUIS a[S.N] : bFOLIO ، c1994 a624 P aCOLLECTION FOLIOv004aLITERATURE04aFRENCH LITERATURE